000 00776nam a22002657a 4500
001 0000832
003 KOHA_MİRAKIL
005 20260207001222.0
007 ta
008 081212b2006 tu |||gr||||#||||1|tur |
020 _a9754710635
_cYTL36,534999999999997
040 _aTR-BiSEU
_btur
_cTR-BiSEU
_erda
041 0 _atur
044 _ctu
050 _aPC2112
_b.F73 2006
240 1 0 _agrammaire Française
_lTürkçe
245 0 _aFransızca dilbilgisi =
_bgrammaire Française /
_chazırlayan Aydın Karaahmetoğlu.
264 1 _aİstanbul :
_bFono Yayınları
_c2006
300 _a477 sayfa
336 _ametin
_btxt
_2rdacontent
337 _aaracısız
_bn
_2rdamedia
338 _acilt
_bnc
_2rdacarrier
650 0 _aFrench language--Grammar.
_93391
942 _2lcc
_cBK
999 _c827
_d827